La Gobernabilidad en América Latina: balance reciente y tendencias a futuro
El artículo expone el hecho de que la ingobernabilidad constituye el factor que erosiona la democracia. Profundiza las diferencias económicas sociales, contribuye a la discriminación de diversos factores e incluso pone en peligro la convivencia con los países vecinos
Gespeichert in:
| 1. Verfasser: | |
|---|---|
| Format: | Text |
| Veröffentlicht: |
San José:
FLACSO. Secretaría General
|
| Schlagworte: | |
| Tags: |
Tag hinzufügen
Keine Tags, Fügen Sie den ersten Tag hinzu!
|
MARC
| LEADER | 00000 a a2200000 04500 | ||
|---|---|---|---|
| 001 | 36042 | ||
| 003 | |||
| 040 | |||
| 090 | |a 0002 R741g | ||
| 100 | |a Rojas Aravena, Francisco | ||
| 245 | |a La Gobernabilidad en América Latina: balance reciente y tendencias a futuro | ||
| 260 | |a San José: |b FLACSO. Secretaría General | ||
| 300 | |a 43 p. | ||
| 500 | |a Informe del Secretario General de FLACSO presentado al Consejo Superior el 28 de julio de 2005 | ||
| 520 | |a El artículo expone el hecho de que la ingobernabilidad constituye el factor que erosiona la democracia. Profundiza las diferencias económicas sociales, contribuye a la discriminación de diversos factores e incluso pone en peligro la convivencia con los países vecinos | ||
| 650 | |a GOBERNABILIDAD | ||
| 650 | |a DEMOCRACIA | ||
| 650 | |a POLITICA | ||
| 650 | |a SOCIEDAD | ||
| 650 | |a AMERICA LATINA | ||
| 650 | |a ESCAÑOS EN EL CONGRESO | ||
| 999 | |c 16106 |d 16106 | ||
